[Event "FIDE World Cup Women 2021"]
[Site "Krasnaya Polyana RUS"]
[Date "2021.07.20"]
[Round "3.3"]
[White "Garifullina, Leya"]
[Black "Shuvalova, Polina"]
[Result "1-0"]
[WhiteTitle "WGM"]
[BlackTitle "IM"]
[WhiteElo "2390"]
[BlackElo "2489"]
[WhiteFideId "34127035"]
[BlackFideId "24171760"]
[EventDate "2021.07.12"]
[EventType "k.o."]

1. e4 e5 2. Nf3 Nf6 3. d4 Nxe4 4. Bd3 d5 5. Nxe5 Nd7 6. Nxd7 Bxd7 7. O-O Bd6 8.
Nc3 Nxc3 9. bxc3 O-O 10. Qh5 f5 11. Re1 c6 12. Bg5 Qc7 13. Re3 g6 14. Qh4 Rae8
15. Rae1 Rxe3 16. Rxe3 Rf7 17. Bf6 Bxh2+ 18. Kf1 Bd6 19. g4 Qc8 20. c4 Qf8 21.
g5 Be7 22. Bxe7 Rxe7 23. cxd5 Rxe3 24. fxe3 cxd5 25. Qf4 Bc6 26. c4 Qa3 27. Be2
Qe7 28. Bf3 dxc4 29. d5 Bb5 30. d6 c3+ 31. Kf2 Qg7 32. Bd5+ Kf8 33. Qb4 Qd7 34.
Bb3 Bc6 35. Be6 Qxe6 36. d7+ Kg7 37. Qxc3+ Kf7 38. d8=N+ 1-0

[Event "FIDE World Cup Women 2021"]
[Site "Krasnaya Polyana RUS"]
[Date "2021.07.20"]
[Round "3.3"]
[White "Khotenashvili, Bela"]
[Black "Assaubayeva, Bibisara"]
[Result "1/2-1/2"]
[WhiteTitle "GM"]
[BlackTitle "IM"]
[WhiteElo "2471"]
[BlackElo "2389"]
[WhiteFideId "13602640"]
[BlackFideId "13708694"]
[EventDate "2021.07.12"]
[EventType "k.o."]

1. d4 Nf6 2. c4 g6 3. g3 Bg7 4. Bg2 O-O 5. Nf3 Nc6 6. O-O d5 7. cxd5 Nxd5 8. e3
Nb6 9. Nc3 e5 10. d5 Na5 11. e4 c6 12. Bg5 f6 13. Be3 cxd5 14. Bxb6 axb6 15.
Qxd5+ Kh8 16. Rfd1 Qe7 17. Qb5 Qc5 18. Qxc5 bxc5 19. Na4 c4 20. Nb6 Ra6 21. Nxc8
Rxc8 22. Rd7 Rb6 23. Rad1 Bf8 24. R1d2 Bh6 25. Rc2 Rbc6 26. h4 R8c7 27. Rd5 b6
28. g4 Bf4 29. g5 Kg7 30. Bf1 Nb7 31. Rxc4 Rxc4 32. Bxc4 fxg5 33. hxg5 Rxc4 34.
Rd7+ Kg8 35. Rxb7 Rxe4 36. Rxb6 Ra4 37. Rb8+ Kf7 38. Rb7+ Ke6 39. a3 e4 40. Nh2
Rc4 41. Nf1 Bxg5 42. Rxh7 Rc2 43. b3 Rb2 44. Rh3 e3 45. Nxe3 Rxb3 46. Rg3 Bf4
47. Rxg6+ Kf7 48. Ra6 Bxe3 49. fxe3 Rxe3 50. Kf2 Rh3 51. Ke2 Ke7 52. Kd2 Kd7 53.
Kc2 Kc7 54. Kb2 Kb7 55. Rd6 Rh2+ 56. Kb3 Rh3+ 1/2-1/2

[Event "FIDE World Cup Women 2021"]
[Site "Krasnaya Polyana RUS"]
[Date "2021.07.20"]
[Round "3.4"]
[White "Ushenina, Anna"]
[Black "Muzychuk, Mariya"]
[Result "1-0"]
[WhiteTitle "GM"]
[BlackTitle "GM"]
[WhiteElo "2429"]
[BlackElo "2550"]
[WhiteFideId "14110911"]
[BlackFideId "14114550"]
[EventDate "2021.07.12"]
[EventType "k.o."]

1. d4 Nf6 2. c4 e6 3. Nf3 d5 4. Nc3 c6 5. e3 Nbd7 6. Qc2 Bd6 7. Bd3 O-O 8. O-O
dxc4 9. Bxc4 b5 10. Bd3 Bb7 11. e4 e5 12. Bg5 exd4 13. Nxd4 Qb8 14. Kh1 Bf4 15.
Bh4 Re8 16. Nde2 b4 17. Nxf4 Qxf4 18. Bg3 Qg5 19. f4 Qa5 20. Na4 Ba6 21. Bxa6
Qxa6 22. e5 Nd5 23. Rfe1 N7b6 24. Nc5 Qc4 25. Qf2 Ne7 26. Rac1 Qxa2 27. f5 Nbd5
28. h4 h5 29. Rf1 Nxf5 30. Qxf5 Ne3 31. Qxh5 Nxf1 32. Rxf1 Qc4 33. Qf5 Re7 34.
Ne4 Rd8 35. Nd6 Qe6 36. Qf4 Qg6 37. Nf5 Rb7 38. Qf3 a5 39. h5 Qh7 40. Bh4 Rdd7
41. e6 Rd5 42. exf7+ Rxf7 43. Ne7+ Kh8 44. Qxf7 Qxh5 45. Qg8# 1-0

[Event "FIDE World Cup Women 2021"]
[Site "Krasnaya Polyana RUS"]
[Date "2021.07.20"]
[Round "3.5"]
[White "Ushenina, Anna"]
[Black "Muzychuk, Mariya"]
[Result "1-0"]
[WhiteTitle "GM"]
[BlackTitle "GM"]
[WhiteElo "2429"]
[BlackElo "2550"]
[WhiteFideId "14110911"]
[BlackFideId "14114550"]
[EventDate "2021.07.12"]
[EventType "k.o."]

1. d4 Nf6 2. c4 e6 3. Nf3 d5 4. g3 dxc4 5. Bg2 a6 6. O-O Nc6 7. Nbd2 b5 8. Ne5
Nxe5 9. Bxa8 Qxd4 10. Ne4 Qb6 11. Be3 c5 12. a4 Be7 13. axb5 axb5 14. Nxf6+ Bxf6
15. Qd2 b4 16. Bg5 O-O 17. Bxf6 gxf6 18. Qh6 Ng6 19. Rfc1 Ba6 20. Bf3 Rb8 21. h4
c3 22. bxc3 b3 23. Rab1 Qa5 24. Rb2 Qd8 25. Ra1 Bc4 26. Qe3 Qd6 27. Ra5 Ne5 28.
Be4 Rc8 29. h5 f5 30. Qg5+ Kf8 31. Qh6+ Kg8 32. Bxf5 Qd1+ 33. Kg2 exf5 34. Qg5+
Kf8 35. Rd2 Bd5+ 36. f3 Bxf3+ 37. exf3 Qxf3+ 38. Kg1 Qg4 39. Qxg4 fxg4 40. Rd5
Nf3+ 41. Kf2 Rb8 42. Ra1 b2 43. Rb1 Rb3 44. Ke2 c4 45. Rc5 Rxc3 46. Rxb2 Nd4+
47. Kf2 Rf3+ 48. Kg2 c3 49. Rb7 Nf5 50. Kh2 h6 51. Rb4 Nxg3 52. Rxg4 Nf5 53.
Rgc4 Rf2+ 54. Kg1 Rd2 1-0

[Event "FIDE World Cup Women 2021"]
[Site "Krasnaya Polyana RUS"]
[Date "2021.07.20"]
[Round "3.6"]
[White "Muzychuk, Mariya"]
[Black "Ushenina, Anna"]
[Result "1-0"]
[WhiteTitle "GM"]
[BlackTitle "GM"]
[WhiteElo "2550"]
[BlackElo "2429"]
[WhiteFideId "14114550"]
[BlackFideId "14110911"]
[EventDate "2021.07.12"]
[EventType "k.o."]

1. e4 e5 2. Nf3 Nf6 3. Nxe5 d6 4. Nf3 Nxe4 5. Nc3 Nf6 6. d4 g6 7. Bc4 d5 8. Qe2+
Be6 9. Bb3 c6 10. Bg5 Bg7 11. h4 h6 12. Bf4 Nbd7 13. O-O-O Kf8 14. Ne5 Nxe5 15.
dxe5 Nd7 16. h5 g5 17. Bg3 b5 18. f4 Nc5 19. Rhf1 gxf4 20. Bxf4 a5 21. Qf2 Nxb3+
22. cxb3 Qe7 23. Qb6 Rc8 24. Qxa5 Kg8 25. Qb6 b4 26. Na4 c5 27. Qd6 Qxd6 28.
exd6 d4 29. Rd2 c4 30. bxc4 Rxc4+ 31. Rc2 Rxc2+ 32. Kxc2 Kh7 33. Kd2 Bxa2 34.
Nc5 Bf6 35. Bxh6 Kxh6 36. Rxf6+ Kg7 37. Rf5 Be6 38. Rg5+ Kh6 39. Nxe6 fxe6 40.
Re5 Rd8 41. Rxe6+ Kxh5 42. Kd3 Rg8 43. d7 Rd8 44. Rd6 Kg5 45. Kxd4 Kf5 46. Kd5
b3 47. Kc6 1-0

[Event "FIDE World Cup Women 2021"]
[Site "Krasnaya Polyana RUS"]
[Date "2021.07.20"]
[Round "3.7"]
[White "Muzychuk, Mariya"]
[Black "Ushenina, Anna"]
[Result "1-0"]
[WhiteTitle "GM"]
[BlackTitle "GM"]
[WhiteElo "2550"]
[BlackElo "2429"]
[WhiteFideId "14114550"]
[BlackFideId "14110911"]
[EventDate "2021.07.12"]
[EventType "k.o."]

1. e4 c5 2. Nf3 e6 3. d4 cxd4 4. Nxd4 Nc6 5. Nc3 Qc7 6. Be3 a6 7. Be2 Nf6 8. O-O
Be7 9. f4 d6 10. Qe1 O-O 11. Kh1 Nxd4 12. Bxd4 b5 13. a3 Bb7 14. Qg3 Rad8 15.
Rae1 Rd7 16. Bd3 Qd8 17. Qh3 g6 18. f5 e5 19. Be3 Nh5 20. Bh6 Re8 21. Nd5 Bxd5
22. exd5 Bf6 23. Qg4 Bg7 24. fxg6 fxg6 25. Bxg6 hxg6 26. Qxg6 Nf4 27. Rxf4 Ree7
28. Bxg7 Rxg7 29. Qe6+ Kh7 30. Rf3 Rg6 31. Rf7+ Rxf7 32. Qxf7+ Kh6 33. Re3 Qf6
34. Rh3+ Kg5 35. Rg3+ Kh6 36. Rxg6+ Qxg6 37. Qxg6+ Kxg6 38. Kg1 Kf5 39. h4 Ke4
40. h5 Kf5 41. g4+ Kg5 42. Kf2 Kf6 43. h6 Kg6 44. g5 Kh7 45. Ke3 Kg6 46. Ke4 Kh7
47. b3 a5 48. c4 b4 49. axb4 1-0

[Event "FIDE World Cup Women 2021"]
[Site "Krasnaya Polyana RUS"]
[Date "2021.07.20"]
[Round "3.8"]
[White "Ushenina, Anna"]
[Black "Muzychuk, Mariya"]
[Result "1/2-1/2"]
[WhiteTitle "GM"]
[BlackTitle "GM"]
[WhiteElo "2429"]
[BlackElo "2550"]
[WhiteFideId "14110911"]
[BlackFideId "14114550"]
[EventDate "2021.07.12"]
[EventType "k.o."]

1. d4 Nf6 2. c4 e6 3. Nf3 d5 4. g3 dxc4 5. Qa4+ Nbd7 6. Bg2 a6 7. Qxc4 b5 8. Qc2
Bb7 9. O-O Bd6 10. a4 O-O 11. Rd1 Be4 12. Qd2 b4 13. b3 Qe7 14. Bb2 Rfd8 15. Qe3
c5 16. Nbd2 Bc2 17. Rdc1 Nd5 18. Qg5 f6 19. Qh4 g5 20. Qh6 Bg6 21. h4 g4 22. Nh2
cxd4 23. Bxd4 Be5 24. Rc4 f5 25. h5 Bf7 26. e4 Bxd4 27. Rxd4 Nc3 28. Re1 Qf6 29.
Qe3 e5 30. Rxd7 Rxd7 31. exf5 Rad8 32. Nxg4 Qg7 33. Nh6+ Kh8 34. Nxf7+ Rxf7 35.
h6 Qf6 36. g4 Rfd7 37. Nc4 Rd1 38. Rxd1 Rxd1+ 39. Bf1 e4 40. Qa7 Qxh6 41. Qb8+
Kg7 42. Qc7+ Kg8 43. Qb8+ Kg7 44. Qe5+ Kg8 45. Qe8+ Kg7 46. Qe7+ Kg8 47. Ne3
Rxf1+ 48. Nxf1 Ne2+ 49. Kg2 Nf4+ 50. Kg3 Ne2+ 51. Kg2 Nf4+ 1/2-1/2

[Event "FIDE World Cup Women 2021"]
[Site "Krasnaya Polyana RUS"]
[Date "2021.07.22"]
[Round "4.1"]
[White "Stefanova, Antoaneta"]
[Black "Goryachkina, Aleksandra"]
[Result "1-0"]
[WhiteTitle "GM"]
[BlackTitle "GM"]
[WhiteElo "2463"]
[BlackElo "2596"]
[WhiteFideId "2902257"]
[BlackFideId "4147103"]
[EventDate "2021.07.12"]
[EventType "k.o."]

1. Nf3 d5 2. g3 c6 3. Bg2 Bg4 4. O-O Nf6 5. d4 e6 6. c4 Nbd7 7. cxd5 exd5 8. Nc3
Bd6 9. Ne1 O-O 10. f3 Be6 11. Nd3 Re8 12. Nf4 Nf8 13. Nxe6 Nxe6 14. Be3 c5 15.
dxc5 Bxc5 16. Bxc5 Nxc5 17. Qd2 d4 18. Nb5 d3 19. exd3 Qb6 20. d4 Qxb5 21. dxc5
Rad8 22. Qc3 Nd5 23. Qa3 Ne3 24. Rf2 Nc4 25. Qc3 Re3 26. Qc2 Qxc5 27. Rc1 Red3
28. Kh1 b5 29. b3 h5 30. bxc4 b4 31. Qe2 Rc3 32. Re1 Rxc4 33. Bf1 Rc3 34. Kg2 h4
35. gxh4 Rd6 36. Kh1 Re6 37. Qd2 Rxe1 38. Qxe1 Re3 39. Qd2 Qe7 40. Qd4 Re1 41.
Kg2 a5 42. Rc2 Qe6 43. Bd3 g6 44. h5 gxh5 45. Qd8+ Kg7 46. Qg5+ Kf8 47. Qxh5 1-0

[Event "FIDE World Cup Women 2021"]
[Site "Krasnaya Polyana RUS"]
[Date "2021.07.22"]
[Round "4.1"]
[White "Lagno, Kateryna"]
[Black "Assaubayeva, Bibisara"]
[Result "1/2-1/2"]
[WhiteTitle "GM"]
[BlackTitle "IM"]
[WhiteElo "2559"]
[BlackElo "2389"]
[WhiteFideId "14109336"]
[BlackFideId "13708694"]
[EventDate "2021.07.12"]
[EventType "k.o."]

1. e4 c5 2. Nf3 d6 3. d4 cxd4 4. Nxd4 Nf6 5. Nc3 a6 6. Bg5 e6 7. f4 h6 8. Bh4
Qb6 9. Qd2 Qxb2 10. Rb1 Qa3 11. Be2 Nc6 12. Nxc6 bxc6 13. e5 dxe5 14. fxe5 Nd5
15. Nxd5 exd5 16. O-O Bc5+ 17. Kh1 Qe3 18. Qa5 O-O 19. Bd3 Bd4 20. Rbe1 Bb6 21.
Qa4 Qd4 22. Qxc6 Qxh4 23. Qxb6 Be6 24. Qe3 Rab8 25. a3 Rfc8 26. Rf4 Qd8 27. Ref1
Rb2 28. Qa7 Qc7 29. Qxa6 Rd8 30. Re1 Qc3 31. Rff1 Ra2 32. a4 Qd4 33. a5 Qc3 34.
Qb6 Qxa5 35. Qe3 1/2-1/2

[Event "FIDE World Cup Women 2021"]
[Site "Krasnaya Polyana RUS"]
[Date "2021.07.22"]
[Round "4.1"]
[White "Kosteniuk, Alexandra"]
[Black "Muzychuk, Mariya"]
[Result "1/2-1/2"]
[WhiteTitle "GM"]
[BlackTitle "GM"]
[WhiteElo "2472"]
[BlackElo "2550"]
[WhiteFideId "4128125"]
[BlackFideId "14114550"]
[EventDate "2021.07.12"]
[EventType "k.o."]

1. e4 c5 2. Nf3 e6 3. c4 Nc6 4. d4 cxd4 5. Nxd4 Nf6 6. Nc3 Bb4 7. Nxc6 bxc6 8.
Bd3 e5 9. O-O O-O 10. h3 Be7 11. Be3 d6 12. Qf3 Be6 13. Rfd1 Qb8 14. b3 Rd8 15.
Be2 Qb7 16. Qg3 Kh8 17. Rac1 Qb4 18. Rd3 Rd7 19. Bf3 Rad8 20. Rcd1 a5 21. Bd2
Qa3 22. Bc1 Qb4 23. Bd2 Qa3 24. Bg4 Nxg4 25. hxg4 a4 26. Nxa4 Bxc4 27. bxc4 Qxa4
28. Rc1 Qxa2 29. Qh2 Kg8 30. g5 Rb7 31. Qh5 Rb3 32. Rxb3 Qxb3 33. Be3 Qb7 34. g3
Qd7 35. Kg2 Qe6 36. Rh1 Qg6 37. Qg4 h6 38. Rh5 d5 39. cxd5 cxd5 40. exd5 Rxd5
41. Kh3 e4 42. Rh4 Re5 43. Qc8+ Kh7 44. Qg4 Qe6 45. Qxe6 Rxe6 46. Rg4 Kg8 47.
gxh6 g6 48. Rf4 g5 49. Rf5 Rxh6+ 50. Kg4 f6 51. Rb5 Kf7 52. Kf5 Rh1 53. Kxe4 Kg6 1/2-1/2

[Event "FIDE World Cup Women 2021"]
[Site "Krasnaya Polyana RUS"]
[Date "2021.07.22"]
[Round "4.1"]
[White "Muzychuk, Anna"]
[Black "Paehtz, Elisabeth"]
[Result "1/2-1/2"]
[WhiteTitle "GM"]
[BlackTitle "IM"]
[WhiteElo "2527"]
[BlackElo "2466"]
[WhiteFideId "14111330"]
[BlackFideId "4641833"]
[EventDate "2021.07.12"]
[EventType "k.o."]

1. e4 c5 2. Nf3 Nc6 3. d4 cxd4 4. Nxd4 Nf6 5. Nc3 d6 6. Bg5 g6 7. Bxf6 exf6 8.
Bb5 Bd7 9. Nde2 Be6 10. Qd2 Bg7 11. Rd1 O-O 12. Qxd6 Qb6 13. O-O f5 14. exf5
Bxf5 15. Bd3 Bxd3 16. cxd3 Qxb2 17. Rb1 Qd2 18. Rfd1 Qh6 19. Rxb7 Be5 20. Qxc6
Qxh2+ 21. Kf1 Rac8 22. Qd5 Bxc3 23. Rxa7 Rcd8 24. Rd7 Rxd7 25. Qxd7 Qh1+ 26. Ng1
Qh5 27. Nf3 Bf6 28. Kg1 Qa5 29. a4 Ra8 30. g3 Qxa4 31. Qxa4 Rxa4 32. Kg2 Kf8 1/2-1/2

[Event "FIDE World Cup Women 2021"]
[Site "Krasnaya Polyana RUS"]
[Date "2021.07.22"]
[Round "4.1"]
[White "Shuvalova, Polina"]
[Black "Dzagnidze, Nana"]
[Result "1-0"]
[WhiteTitle "IM"]
[BlackTitle "GM"]
[WhiteElo "2489"]
[BlackElo "2523"]
[WhiteFideId "24171760"]
[BlackFideId "13601903"]
[EventDate "2021.07.12"]
[EventType "k.o."]

1. e4 c5 2. Nf3 d6 3. Bb5+ Nd7 4. d4 cxd4 5. Qxd4 a6 6. Bxd7+ Bxd7 7. c4 Bg4 8.
Nc3 Bxf3 9. gxf3 e6 10. Be3 Rc8 11. O-O-O Ne7 12. f4 Nc6 13. Qb6 Qxb6 14. Bxb6
Nb8 15. b3 Nd7 16. Ba5 Be7 17. Kc2 g6 18. Rhe1 h5 19. a4 h4 20. h3 Rc6 21. Bb4
Rh5 22. a5 Nf6 23. Re2 g5 24. e5 dxe5 25. Bxe7 Kxe7 26. fxe5 Nd7 27. Rd4 Rh6 28.
b4 Rh8 29. c5 Rc7 30. Kb3 Nb8 31. Ne4 Nc6 32. Rd6 g4 33. Nf6 gxh3 34. f4 Rhc8
35. Rh2 Nxa5+ 36. bxa5 Rxc5 37. Rd7+ Kf8 38. Rxb7 Rc3+ 39. Ka2 Rc2+ 40. Rb2 Rxh2
41. Rxh2 Rc3 42. Rd2 Kg7 43. Rd8 Kg6 44. Rh8 Rc5 45. Rxh4 Rxa5+ 46. Kb3 Rb5+ 47.
Kc4 Ra5 48. Kb4 Rb5+ 49. Kc4 Ra5 50. Rxh3 Ra4+ 51. Kc5 Rxf4 52. Ra3 Kf5 53. Nd7
Rf1 54. Kd6 Rd1+ 55. Ke7 Rxd7+ 56. Kxd7 Kxe5 57. Kc6 f5 58. Kc5 f4 59. Kc4 Ke4
60. Kc3 Ke3 61. Kc2+ Ke2 62. Rxa6 e5 63. Re6 f3 64. Rxe5+ Kf1 65. Kd2 f2 66. Rf5 1-0

[Event "FIDE World Cup Women 2021"]
[Site "Krasnaya Polyana RUS"]
[Date "2021.07.22"]
[Round "4.1"]
[White "Gunina, Valentina"]
[Black "Batsiashvili, Nino"]
[Result "1/2-1/2"]
[WhiteTitle "GM"]
[BlackTitle "GM"]
[WhiteElo "2437"]
[BlackElo "2487"]
[WhiteFideId "4167570"]
[BlackFideId "13602993"]
[EventDate "2021.07.12"]
[EventType "k.o."]

1. e4 e5 2. Nf3 Nc6 3. Bb5 a6 4. Ba4 Nf6 5. O-O Bc5 6. c3 O-O 7. d4 Ba7 8. Bg5
h6 9. Bh4 d6 10. Bxc6 bxc6 11. dxe5 dxe5 12. Nxe5 Qe7 13. Bg3 Nxe4 14. Nxc6 Qg5
15. Nxa7 Rxa7 16. Qd4 Nxg3 17. hxg3 c5 18. Qf4 Qxf4 19. gxf4 Rd8 20. Na3 Be6 21.
Rfe1 Rad7 22. b3 Rd2 23. Re5 Rd1+ 24. Rxd1 Rxd1+ 25. Kh2 Rd2 26. f5 Bd7 27. f3
Rxa2 28. Nc4 Rc2 29. Rd5 Be8 30. Nd6 Bc6 31. Rxc5 Bxf3 32. Kg3 Bxg2 33. Rc8+ Kh7
34. Nxf7 g5 35. Rc7 Bd5 36. Nxg5+ Kg8 37. Nf3 a5 38. Nd4 Rb2 39. f6 Bxb3 40. Nf5
Rc2 41. Nxh6+ Kh8 42. Rc8+ Kh7 43. f7 Bxf7 44. Nxf7 a4 45. Ng5+ Kg6 46. Ne4 a3
47. Kf4 Rc1 48. Rc6+ Kg7 49. Ra6 Ra1 50. Ke3 a2 51. Ke2 Kh7 52. Ra7+ Kg6 53. Ra5
Kg7 54. Ra6 Kh7 55. Nf6+ Kg7 56. Ne4 Kh7 1/2-1/2

[Event "FIDE World Cup Women 2021"]
[Site "Krasnaya Polyana RUS"]
[Date "2021.07.22"]
[Round "4.1"]
[White "Khademalsharieh, Sarasadat"]
[Black "Tan, Zhongyi"]
[Result "1/2-1/2"]
[WhiteTitle "IM"]
[BlackTitle "GM"]
[WhiteElo "2494"]
[BlackElo "2511"]
[WhiteFideId "12512214"]
[BlackFideId "8603642"]
[EventDate "2021.07.12"]
[EventType "k.o."]

1. c4 Nf6 2. Nc3 c5 3. Nf3 Nc6 4. d4 cxd4 5. Nxd4 e6 6. g3 Qb6 7. Ndb5 Bc5 8.
Bg2 a6 9. Nd6+ Ke7 10. Nde4 Nxe4 11. Nxe4 Bb4+ 12. Bd2 Bxd2+ 13. Qxd2 Qb4 14. c5
Qxd2+ 15. Nxd2 Rb8 16. Rc1 Rd8 17. a3 a5 18. f4 b5 19. cxb6 Rxb6 20. Bxc6 Rxc6
21. Rxc6 dxc6 22. Nc4 Rd5 23. Nb6 Rb5 24. Na4 e5 25. O-O exf4 26. gxf4 g5 27.
Rc1 Kd6 28. fxg5 Rxg5+ 29. Kf2 Rb5 30. Rc4 Be6 31. Rd4+ Ke7 32. Rh4 h5 33. Rf4
Rd5 34. Ke1 Rb5 1/2-1/2

[Event "FIDE World Cup Women 2021"]
[Site "Krasnaya Polyana RUS"]
[Date "2021.07.22"]
[Round "4.1"]
[White "Saduakassova, Dinara"]
[Black "Kashlinskaya, Alina"]
[Result "1/2-1/2"]
[WhiteTitle "IM"]
[BlackTitle "IM"]
[WhiteElo "2483"]
[BlackElo "2488"]
[WhiteFideId "13700090"]
[BlackFideId "4198026"]
[EventDate "2021.07.12"]
[EventType "k.o."]

1. d4 Nf6 2. c4 e6 3. Nf3 d5 4. Nc3 Bb4 5. Qa4+ Nc6 6. e3 O-O 7. Bd2 dxc4 8.
Bxc4 Bd6 9. Qc2 a6 10. O-O b5 11. Be2 Bb7 12. Rad1 Qe7 13. a3 Rac8 14. Rfe1 h6
15. h3 e5 16. Bd3 exd4 17. exd4 Qd8 18. Ne4 Nb8 19. Ne5 Nxe4 20. Bxe4 Bxe4 21.
Qxe4 Nd7 22. Nc6 Qf6 23. Bc3 Rfe8 24. Qxe8+ Rxe8 25. Rxe8+ Kh7 26. Ne5 Nb6 27.
Ng4 Qg6 28. d5 h5 29. Ne3 Qg5 30. Bd4 Nxd5 31. h4 Qxh4 32. Nxd5 Qh2+ 33. Kf1
Qh1+ 34. Ke2 Qxg2 35. Ne3 Qc6 36. Rd8 Be7 37. Rd5 Qg6 38. Rh1 h4 39. Rd7 Qe4 40.
Rg1 g5 41. f3 Qe6 42. Rxc7 Qd6 43. Rgc1 h3 44. Rxe7 Qxe7 45. Rh1 Kg6 46. Rxh3 f5
47. Kf2 Qd7 48. Bc3 Qa7 49. Ke2 Qe7 50. Kd3 Qb7 51. Kd2 Qd7+ 52. Kc2 Qe6 53. Nf1
a5 54. Nd2 Qb6 55. b4 a4 56. Rh8 Qe6 57. Rb8 Qd7 58. Rb6+ Kh5 59. Rf6 Qd5 60.
Rf8 Qe6 61. Rh8+ Kg6 62. Rb8 Qd7 63. Rg8+ Kh6 64. Rg7 Qe6 65. Rc7 g4 66. fxg4
fxg4 67. Rc5 g3 68. Bd4 Qa2+ 69. Kd1 Qxa3 70. Ke2 Qxb4 71. Be3+ Kg6 72. Rg5+ Kf7
73. Rxg3 a3 74. Rf3+ Ke8 75. Rf4 Qb2 76. Bd4 Qc2 77. Rf3 b4 78. Rb3 Qc7 79. Kd3
Qa5 80. Kc4 a2 81. Rxb4 1/2-1/2

[Event "FIDE World Cup Women 2021"]
[Site "Krasnaya Polyana RUS"]
[Date "2021.07.23"]
[Round "4.2"]
[White "Goryachkina, Aleksandra"]
[Black "Stefanova, Antoaneta"]
[Result "1-0"]
[WhiteTitle "GM"]
[BlackTitle "GM"]
[WhiteElo "2596"]
[BlackElo "2463"]
[WhiteFideId "4147103"]
[BlackFideId "2902257"]
[EventDate "2021.07.12"]
[EventType "k.o."]

1. d4 d5 2. c4 c6 3. Nf3 Nf6 4. Nc3 a6 5. e3 e6 6. b3 Bb4 7. Bd2 Nbd7 8. Bd3 O-O
9. O-O Bd6 10. Re1 Re8 11. Qc2 h6 12. h3 b6 13. Rad1 Qc7 14. e4 dxc4 15. bxc4 e5
16. dxe5 Nxe5 17. Nxe5 Bxe5 18. Ne2 Bd6 19. Be3 Nd7 20. f4 Bc5 21. Bxc5 Nxc5 22.
e5 b5 23. Ng3 Nxd3 24. Rxd3 bxc4 25. Rde3 Qb6 26. Kh2 c5 27. Nh5 Kh8 28. Rg3 Rg8
29. f5 Rb8 30. e6 f6 31. Qc1 Qc7 32. Nxf6 Qxg3+ 33. Kxg3 gxf6+ 34. Kh2 Kh7 35.
Qc3 Bb7 36. Re2 Rg5 37. Qxf6 Rbg8 38. g4 h5 39. e7 hxg4 40. Qxg5 1-0

[Event "FIDE World Cup Women 2021"]
[Site "Krasnaya Polyana RUS"]
[Date "2021.07.23"]
[Round "4.2"]
[White "Assaubayeva, Bibisara"]
[Black "Lagno, Kateryna"]
[Result "1/2-1/2"]
[WhiteTitle "IM"]
[BlackTitle "GM"]
[WhiteElo "2389"]
[BlackElo "2559"]
[WhiteFideId "13708694"]
[BlackFideId "14109336"]
[EventDate "2021.07.12"]
[EventType "k.o."]

1. d4 Nf6 2. c4 g6 3. Nc3 d5 4. cxd5 Nxd5 5. e4 Nxc3 6. bxc3 Bg7 7. Be3 c5 8.
Qd2 Qa5 9. Rc1 cxd4 10. cxd4 Qxd2+ 11. Kxd2 O-O 12. Nf3 Nc6 13. d5 Rd8 14. Ke1
Nb4 15. a3 Na2 16. Rc7 Bd7 17. Bd3 Rac8 18. Rxb7 Rb8 19. Rxa7 Rb3 20. Bc4 Rb1+
21. Kd2 Rxh1 22. Bxa2 Bg4 23. Rxe7 Rb8 24. Rc7 Ra1 25. Rc2 Bd7 26. Bf4 Ba4 27.
Bxb8 Bxc2 28. Kxc2 Rxa2+ 29. Kd3 Rxa3+ 30. Ke2 Ra2+ 31. Nd2 f5 32. exf5 gxf5 33.
Bf4 Kf7 1/2-1/2

[Event "FIDE World Cup Women 2021"]
[Site "Krasnaya Polyana RUS"]
[Date "2021.07.23"]
[Round "4.2"]
[White "Muzychuk, Mariya"]
[Black "Kosteniuk, Alexandra"]
[Result "0-1"]
[WhiteTitle "GM"]
[BlackTitle "GM"]
[WhiteElo "2550"]
[BlackElo "2472"]
[WhiteFideId "14114550"]
[BlackFideId "4128125"]
[EventDate "2021.07.12"]
[EventType "k.o."]

1. e4 e5 2. Nf3 Nc6 3. Bc4 Bc5 4. c3 Nf6 5. d3 O-O 6. O-O d5 7. exd5 Nxd5 8. Re1
Bg4 9. h3 Bh5 10. Nbd2 Nb6 11. Bb3 Kh8 12. Ne4 Bd6 13. g4 Bg6 14. Ng3 Nd7 15.
Bc2 a5 16. h4 h6 17. h5 Bh7 18. g5 f5 19. gxh6 gxh6 20. Bxh6 Rg8 21. Bb3 Qf6 22.
Bxg8 Rxg8 23. Bg5 Rxg5 24. Nxg5 Qxg5 25. Kf1 Nf6 26. Qf3 Ng4 27. Qg2 e4 28. d4
Nd8 29. c4 Ne6 30. c5 Bf8 31. Rad1 Nf4 32. Qh1 Bg8 33. Nxe4 Bc4+ 34. Kg1 fxe4 0-1

[Event "FIDE World Cup Women 2021"]
[Site "Krasnaya Polyana RUS"]
[Date "2021.07.23"]
[Round "4.2"]
[White "Paehtz, Elisabeth"]
[Black "Muzychuk, Anna"]
[Result "0-1"]
[WhiteTitle "IM"]
[BlackTitle "GM"]
[WhiteElo "2466"]
[BlackElo "2527"]
[WhiteFideId "4641833"]
[BlackFideId "14111330"]
[EventDate "2021.07.12"]
[EventType "k.o."]

1. e4 e5 2. Nc3 Nc6 3. g3 Bc5 4. Bg2 a6 5. d3 d6 6. Nge2 Be6 7. h3 Qd7 8. Nd5 f5
9. c3 fxe4 10. dxe4 Nge7 11. Qd3 O-O 12. Be3 Bxe3 13. Qxe3 Rae8 14. h4 Nd8 15.
O-O Nxd5 16. exd5 Bh3 17. Rad1 Nf7 18. Kh2 Bxg2 19. Kxg2 Qa4 20. Nc1 Nh6 21. Qe2
Ng4 22. b3 Qd7 23. f3 Nf6 24. Qd3 Rf7 25. Ne2 Rfe7 26. Qc4 e4 27. Nf4 exf3+ 28.
Rxf3 Ng4 29. Ne6 Ne5 30. Rdf1 Nxf3 31. Rxf3 b5 32. Qd3 Rxe6 33. dxe6 Qxe6 34.
Rf2 Qe4+ 35. Qxe4 Rxe4 36. Kf3 d5 37. Rd2 c6 38. b4 Rc4 39. Rd3 h5 40. Ke2 Kh7
41. Rf3 g5 42. hxg5 Kg6 43. Kd3 Kxg5 44. Rf8 Rg4 45. Rg8+ Kf5 46. Rf8+ Ke5 47.
Re8+ Kd6 48. Re3 c5 49. bxc5+ Kxc5 50. Kc2 Re4 51. Rf3 Re2+ 52. Kb3 a5 53. Rf8
a4+ 54. Ka3 Re3 55. Rc8+ Kb6 56. Rb8+ Ka6 57. Ra8+ Kb6 58. Rb8+ Kc7 59. Rxb5 Kc6
60. Kxa4 Rxc3 61. Rb3 Rc2 62. Ka3 Kc5 63. Rf3 Kc4 64. Rf5 d4 65. Rxh5 d3 66. Rh8
d2 67. Rc8+ Kd3 68. Rd8+ Ke2 69. Re8+ Kd1 70. Kb4 Kc1 71. Rd8 Rxa2 0-1

[Event "FIDE World Cup Women 2021"]
[Site "Krasnaya Polyana RUS"]
[Date "2021.07.23"]
[Round "4.2"]
[White "Dzagnidze, Nana"]
[Black "Shuvalova, Polina"]
[Result "1-0"]
[WhiteTitle "GM"]
[BlackTitle "IM"]
[WhiteElo "2523"]
[BlackElo "2489"]
[WhiteFideId "13601903"]
[BlackFideId "24171760"]
[EventDate "2021.07.12"]
[EventType "k.o."]

1. Nf3 Nf6 2. g3 d5 3. Bg2 e6 4. O-O Be7 5. d3 O-O 6. Nbd2 a5 7. e4 a4 8. e5
Nfd7 9. a3 c5 10. c4 Nc6 11. Re1 Re8 12. h4 h6 13. Qe2 Nb6 14. Nf1 dxc4 15. dxc4
Nd4 16. Nxd4 Qxd4 17. Bxh6 Bd7 18. Rac1 gxh6 19. Red1 f5 20. Rxd4 cxd4 21. Rd1
Bc5 22. g4 Kf7 23. Ng3 Rg8 24. gxf5 exf5 25. Qh5+ Kg7 26. e6 Bxe6 27. Nxf5+ 1-0